02138nam a2200265Ia 4500001000600000003000900006008004100015040001300056040001300069041001300082100002000095100002900115245007100144245007100215250001100286260002300297260001200320260004900332300005700381500129200438650002101730650003101751700003601782700005401818H8172IT-RoPAU130308s9999 xx 000 0 und d aIT-RoPAU cIT-RoPAU aITALIANO aGiorgioni Livio gCodice Aut. SPICS: 59250 aGrande abbuffata (La) percorsi cinematografici fra trame e ricette bGrande Abbuffata (La) Percorsi Cinematografici Fra Trame e Ricette a1a ed. aCANTALUPA (TORINO) bEffata' c2002 [1° Ed.:2002 - Ed.Ling.Originale:2002] a"160 p. (prefazione: no ; testo: 160 [pagine: 0-0])" a"Presenza cibo nel Cinema. Cinema e cibo Paradigmi Comuni. pane Amore e Fantasia, cibo nel Cinema Italiano dal dopoguerra a Oggi: nella commedia Italiana Dopoguerra; Mito Sazietà e fame Come Principio Umoristico, toto'; Uno Sguardo All'Estero; Mito Raggiunto Abbondanza, Anni '60; cibo nel Cinema Difederico Fellini; cibo Come Istanza Nichilista, Cinema di Marco Ferreri; Incubo Sazietà e Miraggio Dieta, Anni '70; cibo nella commedia di Paolo Villaggio; cibo nella commedia di Nanni Moretti. Simbologia cibo nel Cinema D'Autore: Pranzo di Babette; Chocolat. Una Tazza di Caffe'. fortuna cibo Italiano nel Cinema Straniero. Ricette Superstar. Cinema nel Cibo: Banchetto Rinascimentale. Un Grande Attore in Cucina. Schede: Bianca; Big Night; Chocolat; Come L'Acqua per Il Cioccolato; Il Cuoco, Il Ladro, Sua moglie e L'Amore; Delicatessen; Il fascino Discreto della Borghesia; la Febbre dell'Oro; Galline in Fuga; Les Glaneurs Et la Glaneuse; la Grande Abbuffata; Lunga Vita Alla Signora; Mangiare, Bere, Uomo, Donna; Mesto na Zemle; Monty Python, Il Senso della Vita; Pomodori Verdi Fritti Alla Fermata dell'Autobus; Il Pranzo di Babette; Pranzo Reale; Il profumo della Papaya Verde; Quei bravi Ragazzi; la Ricotta; 7 Chili in 7 Giorni; Tampopo; toto' Cerca Casa; una Vitadifficile." aSAGGI SUL CINEMA eCodice materia Spics: 6811 aPontiggia FedericoRonconi Marco gCodice Aut. SPICS: 59251Codice Aut. SPICS: 54921